Statistics for Biggest Cities in Japan Quiz

Click here to take the quiz!

General Stats

  • This quiz has been taken 57 times
  • The average score is 13 of 25

Answer Stats

PopulationAnswer% Correct
2,691,185Osaka
100%
9,272,740Tokyo (Special Wards)
100%
1,194,034Hiroshima
89%
3,724,844Yokohama
89%
1,475,183Kyoto
86%
2,295,638Nagoya
86%
1,952,356Sapporo
83%
1,538,681Fukuoka
77%
1,537,272Kobe
74%
1,082,159Sendai
63%
971,882Chiba
51%
1,475,213Kawasaki
49%
961,286Kitakyushu
49%
1,263,979Saitama
49%
719,474Okayama
46%
810,157Niigata
37%
797,980Hamamatsu
34%
740,822Kumamoto
34%
704,989Shizuoka
29%
599,814Kagoshima
23%
839,310Sakai
20%
720,780Sagamihara
17%
622,890Funabashi
14%
577,513Hachioji
6%
578,112Kawaguchi
3%

Score Distribution

Percentile by Number Answered

Percent of People with Each Score

Your Score History

You have not taken this quiz